| 000 | 00547nam a2200205Ia 4500 | ||
|---|---|---|---|
| 003 | OSt | ||
| 005 | 20230413113944.0 | ||
| 008 | 210423s2005 xx 000 0 und d | ||
| 020 | _a8170339278 | ||
| 040 | _cAL | ||
| 041 | _aeng | ||
| 082 |
_a809.93592 _223 _bMOHB |
||
| 100 |
_aMOHANTY (Bharat Bhusan). _987855 |
||
| 245 | _aEdward W Saids orientalism: critique. | ||
| 260 |
_aNew Delhi _bRawat Publications _c2005 |
||
| 300 |
_a286 _bHB |
||
| 365 |
_b550 _cINR |
||
| 906 | _acritique. ; Edward ; orientalism: ; Saids ; W | ||
| 942 |
_2ddc _cBK |
||
| 999 |
_c157389 _d157389 |
||